000 00860nam a22002297a 4500
999 _c18619
_d18619
003 AR-CdUCM
008 190514b ||||| |||| 00| 0 spa d
020 _a968-816-058-X
040 _aMUNICIPALIDAD PROVINCIAL DEL CUSCO
_cBIBLIOTECA MUNICIPAL DEL CUSCO
082 _a725.1 /
_bR33
110 _aDepartamento del distrito federal
_912486
245 _aLos recintos en palacio nacional /
260 _aMéxico :
_bDepartamento del distrito federal,
_c1985.
300 _a100 páginas :
_c22 cm.
440 _aColección distrito federal ;
_n8
_939315
505 _aContenido: Juarez y su recito de homenaje -- Descripción del recinto -- El recinto constitucional -- Juarez en el recinto constitucional...
650 _aPalacio nacional
_939316
650 _aHistoria
_9136
650 _aMéxico
_918
942 _2ddc
_cFOLLETOS
945 _aacv
_d2019-05-14